An introduction to the mathematics of finance : (Record no. 20465)
[ view plain ]
| 000 -LEADER | |
|---|---|
| fixed length control field | 01239cam a22003015a 4500 |
| 001 - CONTROL NUMBER | |
| control field | 18116337 |
| 005 - DATE AND TIME OF LATEST TRANSACTION | |
| control field | 20201128021454.0 |
| 008 - FIXED-LENGTH DATA ELEMENTS--GENERAL INFORMATION | |
| fixed length control field | 140415s2013 enka frb 001 0 eng d |
| 020 ## - INTERNATIONAL STANDARD BOOK NUMBER | |
| International Standard Book Number | 9780080982403 (hardback) |
| 040 ## - CATALOGING SOURCE | |
| Original cataloging agency | DLC |
| Language of cataloging | eng |
| Transcribing agency | DLC |
| Modifying agency | EG-ScBUE |
| -- | EG-ScBUE |
| 082 04 - DEWEY DECIMAL CLASSIFICATION NUMBER | |
| Classification number | 368.01 |
| Item number | GAR |
| Edition number | 22 |
| 100 1# - MAIN ENTRY--PERSONAL NAME | |
| Personal name | Garrett, S. J. |
| Fuller form of name | (Stephen J.) |
| 9 (RLIN) | 38943 |
| 245 13 - TITLE STATEMENT | |
| Title | An introduction to the mathematics of finance : |
| Remainder of title | a deterministic approach / |
| Statement of responsibility, etc | S. J. Garrett. |
| 246 30 - VARYING FORM OF TITLE | |
| Title proper/short title | Mathematics of finance |
| 250 ## - EDITION STATEMENT | |
| Edition statement | 2nd ed. |
| 260 ## - PUBLICATION, DISTRIBUTION, ETC. (IMPRINT) | |
| Place of publication, distribution, etc | Oxford ; |
| -- | Waltham : |
| Name of publisher, distributor, etc | Butterworth-Heinemann / Elsevier, |
| Date of publication, distribution, etc | 2013. |
| 300 ## - PHYSICAL DESCRIPTION | |
| Extent | xii, 450 p. : |
| Other physical details | ill. ; |
| Dimensions | 24 cm. |
| 500 ## - GENERAL NOTE | |
| General note | Index : p. 443-450. |
| 500 ## - GENERAL NOTE | |
| General note | "A revision of the original 'An introduction to the mathematics of finance' by J.J. McCutcheon and W.F. Scott."--Preface. |
| 500 ## - GENERAL NOTE | |
| General note | "Published for the Institute and Faculty of Actuaries (RC000243) http://www.actuaries.org.uk". |
| 504 ## - BIBLIOGRAPHY, ETC. NOTE | |
| Bibliography, etc | Bibliography : p. 441-442. |
| 650 #7 - SUBJECT ADDED ENTRY--TOPICAL TERM | |
| Topical term or geographic name as entry element | Finance |
| General subdivision | Mathematical models. |
| Source of heading or term | BUEsh |
| 9 (RLIN) | 22542 |
| 650 #7 - SUBJECT ADDED ENTRY--TOPICAL TERM | |
| Topical term or geographic name as entry element | Business mathematics. |
| Source of heading or term | BUEsh |
| 9 (RLIN) | 801 |
| 651 ## - SUBJECT ADDED ENTRY--GEOGRAPHIC NAME | |
| Source of heading or term | BUEsh |
| 653 ## - INDEX TERM--UNCONTROLLED | |
| Resource For college | BAEPS, Business Administration |
| Arrived date list | August2015 |
| -- | December2015 |
| -- | February2016 |
| 710 2# - ADDED ENTRY--CORPORATE NAME | |
| Corporate name or jurisdiction name as entry element | Institute and Faculty of Actuaries (Great Britain). |
| 942 ## - ADDED ENTRY ELEMENTS (KOHA) | |
| Source of classification or shelving scheme | Dewey Decimal Classification |
| Withdrawn status | Lost status | Source of classification or shelving scheme | Damaged status | Not for loan | Koha collection | Home library | Current library | Shelving location | Date acquired | Source of acquisition | Cost, normal purchase price | Serial Enumeration / chronology | Total Checkouts | Full call number | Barcode | Date last seen | Cost, replacement price | Koha item type |
|---|---|---|---|---|---|---|---|---|---|---|---|---|---|---|---|---|---|---|
| Dewey Decimal Classification | Baccah | Central Library | Central Library | First floor | 04/08/2015 | Purchase | 505.00 | 21758 | 368.01 GAR | 000039008 | 15/07/2025 | 631.25 | Book - Borrowing | |||||
| Dewey Decimal Classification | Academic Bookshop | Central Library | Central Library | First floor | 24/02/2016 | Purchase | 640.00 | 4875 | 368.01 GAR | 000031700 | 15/07/2025 | 800.00 | Book - Borrowing |